书目信息 |
| 题名: |
六朝的城市与社会
|
|
| 作者: | 刘淑芬 著 | |
| 分册: | ||
| 出版信息: | 南京 南京大学出版社 2021.01 |
|
| 页数: | 476页 | |
| 开本: | 23cm | |
| 丛书名: | 南京大学六朝研究所书系 | |
| 单 册: | ||
| 中图分类: | K235.07 | |
| 科图分类: | ||
| 主题词: | 城市社会学--cheng shi she hui xue--研究--中国--六朝时代 | |
| 电子资源: | ||
| ISBN: | 978-7-305-23220-6 | |
| 000 | 01220nam 2200289 450 | |
| 001 | 0100028678 | |
| 005 | 20211025120205.0 | |
| 010 | @a978-7-305-23220-6@dCNY98.00 | |
| 100 | @a20210107d2021 em y0chiy50 ea | |
| 101 | 0 | @achi |
| 102 | @aCN@b320000 | |
| 105 | @ay a 000yy | |
| 106 | @ar | |
| 200 | 1 | @a六朝的城市与社会@Aliu chao de cheng shi yu she hui@f刘淑芬著 |
| 205 | @a增订本 | |
| 210 | @a南京@c南京大学出版社@d2021.01 | |
| 215 | @a476页@d23cm | |
| 225 | 2 | @a南京大学六朝研究所书系@Anan jing da xue liu chao yan jiu suo shu xi@i甲种专著@v3 |
| 300 | @a南京大学双一流建设文科“百层次”科研项目 南京大学人文基金项目 | |
| 320 | @a有书目 | |
| 330 | @a本书系台湾著名学者刘淑芬先生重要的学术著作之一。本书是在原书基础上的一次重要修订。作者首先以六朝建康城为研究对象, 研究了建康城的经济、社会、城市空间、居民、寺院等, 并对比与洛阳城的差异, 进而研究六朝时期的社会经济、中古都城坊制, 是一部研究六朝都城史和城市史的力作, 具有极高的学术价值。 | |
| 410 | 0 | @12001 @a南京大学六朝研究所书系@i甲种专著@v3 |
| 606 | 0 | @a城市社会学@Acheng shi she hui xue@x研究@y中国@z六朝时代 |
| 690 | @aK235.07@v5 | |
| 701 | 0 | @a刘淑芬@Aliu shu fen@4著 |
| 801 | 0 | @aCN@c20210909 |
| 905 | @a河南城建学院图书馆@dK235.07@eL671 | |
| 六朝的城市与社会/刘淑芬著.-增订本.-南京:南京大学出版社,2021.01 |
| 476页;23cm.-(南京大学六朝研究所书系.甲种专著;3) |
| 南京大学双一流建设文科“百层次”科研项目 南京大学人文基金项目 |
| ISBN 978-7-305-23220-6:CNY98.00 |
| 本书系台湾著名学者刘淑芬先生重要的学术著作之一。本书是在原书基础上的一次重要修订。作者首先以六朝建康城为研究对象, 研究了建康城的经济、社会、城市空间、居民、寺院等, 并对比与洛阳城的差异, 进而研究六朝时期的社会经济、中古都城坊制, 是一部研究六朝都城史和城市史的力作, 具有极高的学术价值。 |
| ● |
| 相关链接 |
|
|
|
正题名:六朝的城市与社会
索取号:K235.07/L671
 
预约/预借
| 序号 | 登录号 | 条形码 | 馆藏地/架位号 | 状态 | 备注 |
| 1 | 1546893 | 215468937 | 社科库309/309社科库 33排4列2层/ [索取号:K235.07/L671] | 在馆 |